000 01227cam a2200325 a 4500
999 _c6986
_d6986
001 952390
003 GBCCL
005 20241126110616.0
008 840918s1984 ilu b 001 0 eng
010 _a 84020795
020 _a0802407544 :
_c$16.95
040 _aDLC
_cDLC
_dDLC
050 0 0 _aBS2675.3
_b.M29 1984
082 0 0 _a225.77
_219
_bMAC
100 1 _aMacArthur, John,
_d1939-
_91165
245 1 0 _a1 Corinthians /
_cJohn MacArthur, Jr.
260 _aChicago :
_bMoody Press,
_cc1984.
300 _ax, 501 p. ;
_c24 cm.
490 1 _aThe MacArthur New Testament commentary
500 _aIncludes indexes.
504 _aBibliograpy: p. 489.
630 0 0 _aBible.
_pCorinthians, 1st
_xCommentaries.
_94646
740 0 _aFirst Corinthians.
800 1 _aMacArthur, John,
_d1939-
_tMacArthur New Testament commentary.
_912401
856 4 2 _3Publisher description
_uhttp://www.loc.gov/catdir/enhancements/fy0609/84020795-d.html
856 4 1 _3Table of contents only
_uhttp://www.loc.gov/catdir/enhancements/fy1202/84020795-t.html
856 4 2 _3Contributor biographical information
_uhttp://www.loc.gov/catdir/enhancements/fy1202/84020795-b.html
906 _a7
_bcbc
_corignew
_d1
_eocip
_f19
_gy-gencatlg
942 _2ddc
_cREF